| 000 | 00495nam a22001817a 4500 | ||
|---|---|---|---|
| 003 | CEME | ||
| 005 | 20210628204056.0 | ||
| 008 | 210125b xxu||||| |||| 00| 0 eng d | ||
| 020 | _a1-57444-347-X | ||
| 040 | _c. | ||
| 082 | _a658.7 POI | ||
| 100 |
_aPoirier, Charles C _968606 |
||
| 245 | _aUsing models to improve the supply chain | ||
| 260 |
_aNEW YORK _bCRC PRESS _c2003 |
||
| 300 | _aXX,276P | ||
| 650 |
_aBUSINESS LOGISTICS MANGEMENT.SUPPLY CHAIN MANAGEMENT _968607 |
||
| 942 |
_cBK _2ddc |
||
| 999 |
_c576135 _d576135 |
||